00704 2200217 4500001002100000005001700021008004100038020001800079035002500097082001300122090002300135110005600158245011100214250001100325260003300336300003000369650004300399850001200442990001600454990001600470YOGYA-0209000000745520150417110403.0 ind  a979-691-041-1 a0010-020900000007455 a657.6102 aRQ 657.6102bIka S aIKATAN AKUNTAN INDONESIA-KOMPARTEMEN AKUNTAN PUBLIK aStandar Profesional Akuntan Publik Per 1 Januari 2001cIkatan Akuntan Indonesia-Kompartemen Akuntan Publik aCet. 1 aJakartabSalemba Empatc2001 axx,(918) hlmbilusc25 cm aAkuntansi Publik - Standar Profesional aYOPDYOG a2457-PD/P04 a2458-PD/P04